000 00280nam a2200097Ia 4500
008 230907s9999||||xx |||||||||||||| ||und||
082 _a621.3815322
_bKAZ
245 0 _aSolutions manual for resonant power converters /
260 _aJohn Wiley & Sons,
_bNew York :
_c1995
942 _cBK
999 _c598892
_d598892